Trasa Linii 140 (MPK KRAKÓW) - Statystyki

Ogólne statystyki
  • Ten quiz został rozwiązany 7 razy
  • Średni wynik to 11 z 13
Statystyki odpowiedzi
Lp. Ulica Przystanek % Poprawnych
12. ↑ Conrada Conrada
100%
3. Doktora Twardego Szpital Narutowicza
100%
1. Prądnicka Nowy Kleparz
100%
2. ↓ Prądnicka Nowy Kleparz
100%
13. Radzikowskiego Radzikowskiego Osiedle
100%
5. Wybickiego Wybickiego
100%
11. ↑ Weissa Azory
86%
4. Wybickiego Doktora Twardego Bratysławska
86%
6. Radzikowskiego Wybickiego Łobzów SKA
71%
7. Radzikowskiego Radzikowskiego
71%
9. ↓ Radzikowskiego Czerwieńskiego
57%
10. ↓ Radzikowskiego Fiszera
57%
8. (NŻ) ↓ Radzikowskiego Gnieźnieńska
57%
Nie znaleziono quizów pasujących do podanych kryteriów
Rozkład punktacji
Procent ludzi z każdym wynikiem
Percentyl według liczby udzielonych odpowiedzi
Twoja historia wyników
Nie rozwiązałeś tego quizu